00487 2200193 4500001002100000005001500021035002000036008004100056245005800097100002500155250000600180260003600186300001100222084001400233082000800247650001400255990001200269990001200281INLIS00000000000038420240430020317 a0010-0424000360240430 0 ind 1 aKeajaiban Segitiga Siku - Siku /cAbdul Azis Saefudin aAzis Saefudin, Abdul a1 aKlaten :bIntan Pariwara,c2015 a68 hlm a510 ABD k a510 4aNon Fiksi a0728607 a0728608